000 00779nam a2200217Ii 4500
003 JO-AjNU
008 230605s9999||||xx |||||||||||||| ||und||
017 _a2010/2/501
040 _aJO-AjNU
_bara
_erda
_cJO-AjNU
041 _aara
050 1 4 _aQ180 .55 .S7 N8 2011
100 3 _aالنعيمي، محمد عبد العال / م. مشارك عمار عادل عناب ,
_eauthor
_929658
245 0 0 _aاستخدام الطرق الاحصائية في تصميم البحث العلمي
250 _aط1
264 3 1 _aعمان:دار اليازوري ،2011
300 _a362ص
336 _atext
_btxt
_2rdacontent
337 _aunmediated
_bn
_2rdamedia
338 _avolume
_bnc
_2rdacarrier
650 4 _a البحث العلمي -- طرق إحصائية. 
_929659
999 _aA11661
_c15229
_d15229